<?xml version="1.0" encoding="UTF-8"?>
<record
    xmlns:xsi="http://www.w3.org/2001/XMLSchema-instance"
    xsi:schemaLocation="http://www.loc.gov/MARC21/slim http://www.loc.gov/standards/marcxml/schema/MARC21slim.xsd"
    xmlns="http://www.loc.gov/MARC21/slim">

  <leader>02176nam a22002057a 4500</leader>
  <datafield tag="999" ind1=" " ind2=" ">
    <subfield code="c">6698</subfield>
    <subfield code="d">6698</subfield>
  </datafield>
  <controlfield tag="003">AR-CdUCM</controlfield>
  <controlfield tag="008">190319b           ||||| |||| 00| 0 spa d</controlfield>
  <datafield tag="040" ind1=" " ind2=" ">
    <subfield code="a">MUNICIPALIDAD PROVINCIAL DEL CUSCO</subfield>
    <subfield code="c">BIBLIOTECA MUNICIPAL DEL CUSCO</subfield>
  </datafield>
  <datafield tag="082" ind1=" " ind2=" ">
    <subfield code="a">086.940 /</subfield>
    <subfield code="b">AG32</subfield>
  </datafield>
  <datafield tag="100" ind1=" " ind2=" ">
    <subfield code="a">Aguirre, Jose Fernando</subfield>
  </datafield>
  <datafield tag="245" ind1=" " ind2=" ">
    <subfield code="a">La segunda guerra mundial /</subfield>
  </datafield>
  <datafield tag="260" ind1=" " ind2=" ">
    <subfield code="a">Barcelona :</subfield>
    <subfield code="b">Argos Vergara S.A. ,</subfield>
    <subfield code="c">1981.</subfield>
  </datafield>
  <datafield tag="300" ind1=" " ind2=" ">
    <subfield code="a">3 tomos ;</subfield>
    <subfield code="c">34.4 cm.</subfield>
  </datafield>
  <datafield tag="505" ind1=" " ind2=" ">
    <subfield code="a">Contenido : t.1.-  Capitulo I.- Antecedentes : El tratado de Versalles, La Revolucion Rusa y los Soviets, De la guerra civil al Stalinismo ,22 a&#xF1;os de fascismo en Italia ,La Republica de Weimar y del nacionalsocialismo ,Hiltler en el Poder ,La conferencia de Munich y la preguerra ,Cronologia de los hecho. -- Capitulo 2.- La Guerra en Polonia y Escandinavia ,Intermedio politico ,primera fase de la guerra naval ,la invacion de finlandia ,la tregua del invierno 1930 ,la invacion de Dinamarca y Noruega ,Cronologia de los hechos. -- Capitulo 3.- La Campa&#xF1;a del Oeste ,Un hombre llamado Churchill ,La conquista de los Paises Bajos y B&#xE9;lgica ,La campa&#xF1;a de Francia ,El milagro de Dukerque ,Par&#xED;s "ciudad abierta" ,La capitulacion ,La Francia Libre ,La Batalla del Atlantico ,cronologia de los hechos. -- Capitulo 4.- La Batalla de Inglaterra y los Balkanes ,la novela de Rudol Hess ,Otros episodios curiosos ,segunda fase de la guerra naval ,cronologia de los hechos. -- Capitulo 5.- La guerra en Africa, Batalla naval del Mediterraneo ,La aparicion de Rommel ,Comienza la campa&#xF1;a ,Avance a toda velocidad ,El asalto a Tobruk ,La guerra contin&#xFA;a ,La retirada de Cirenaica ,La conquista de Tobruk ,De Marsa Matruh a El Alamein ,De El Alamein al desastre ,Primer desembarco aliado en africa ,cronologia de los echos -- t.2.- La invasi&#xF3;n a Rusia -- Los japoneses, due&#xF1;os del pacifico -- Africa platamorfa de de la invasi&#xF3;n -- Italia entre dos fuegos --  t.3.- El d&#xED;a m&#xE1;s largo -- El fin de Alemania  El Jap&#xF3;n, vencido -- La aventura y el destino.</subfield>
  </datafield>
  <datafield tag="650" ind1=" " ind2=" ">
    <subfield code="a">Guerras Mundiales</subfield>
    <subfield code="9">18843</subfield>
  </datafield>
  <datafield tag="650" ind1=" " ind2=" ">
    <subfield code="a">La segunda guerra mundial</subfield>
    <subfield code="9">18844</subfield>
  </datafield>
  <datafield tag="650" ind1=" " ind2=" ">
    <subfield code="a">Batallas Europeas</subfield>
    <subfield code="9">18845</subfield>
  </datafield>
  <datafield tag="942" ind1=" " ind2=" ">
    <subfield code="2">ddc</subfield>
    <subfield code="c">LIBROS</subfield>
  </datafield>
  <datafield tag="945" ind1=" " ind2=" ">
    <subfield code="a">rtm</subfield>
  </datafield>
  <datafield tag="952" ind1=" " ind2=" ">
    <subfield code="0">0</subfield>
    <subfield code="2">ddc</subfield>
    <subfield code="4">0</subfield>
    <subfield code="7">0</subfield>
    <subfield code="a">SH</subfield>
    <subfield code="b">SH</subfield>
    <subfield code="c">CART</subfield>
    <subfield code="d">2019-03-19</subfield>
    <subfield code="g">100.00</subfield>
    <subfield code="o">086.940 / AG32 / t.1  </subfield>
    <subfield code="p">SH0000007954</subfield>
    <subfield code="r">2019-03-19</subfield>
    <subfield code="y">LIBROS</subfield>
  </datafield>
  <datafield tag="952" ind1=" " ind2=" ">
    <subfield code="0">0</subfield>
    <subfield code="2">ddc</subfield>
    <subfield code="4">0</subfield>
    <subfield code="7">0</subfield>
    <subfield code="a">SH</subfield>
    <subfield code="b">SH</subfield>
    <subfield code="c">CART</subfield>
    <subfield code="d">2019-10-23</subfield>
    <subfield code="o">086.940 / AG32 / t.1 / e.2</subfield>
    <subfield code="p">SH0000007953</subfield>
    <subfield code="r">2019-10-23</subfield>
    <subfield code="y">LIBROS</subfield>
  </datafield>
  <datafield tag="952" ind1=" " ind2=" ">
    <subfield code="0">0</subfield>
    <subfield code="2">ddc</subfield>
    <subfield code="4">0</subfield>
    <subfield code="7">0</subfield>
    <subfield code="a">SH</subfield>
    <subfield code="b">SH</subfield>
    <subfield code="c">CART</subfield>
    <subfield code="d">2019-10-23</subfield>
    <subfield code="o">086.940 / AG32 / t.2</subfield>
    <subfield code="p">SH0000007955</subfield>
    <subfield code="r">2019-10-23</subfield>
    <subfield code="y">LIBROS</subfield>
  </datafield>
  <datafield tag="952" ind1=" " ind2=" ">
    <subfield code="0">0</subfield>
    <subfield code="2">ddc</subfield>
    <subfield code="4">0</subfield>
    <subfield code="7">0</subfield>
    <subfield code="a">SH</subfield>
    <subfield code="b">SH</subfield>
    <subfield code="c">CART</subfield>
    <subfield code="d">2019-10-23</subfield>
    <subfield code="o">086.940 / AG32 / t.2 / e.2</subfield>
    <subfield code="p">SH0000007956</subfield>
    <subfield code="r">2019-10-23</subfield>
    <subfield code="y">LIBROS</subfield>
  </datafield>
  <datafield tag="952" ind1=" " ind2=" ">
    <subfield code="0">0</subfield>
    <subfield code="2">ddc</subfield>
    <subfield code="4">0</subfield>
    <subfield code="7">0</subfield>
    <subfield code="a">SH</subfield>
    <subfield code="b">SH</subfield>
    <subfield code="c">CART</subfield>
    <subfield code="d">2019-10-23</subfield>
    <subfield code="o">086.940 / AG32 / t.3</subfield>
    <subfield code="p">SH0000007957</subfield>
    <subfield code="r">2019-10-23</subfield>
    <subfield code="y">LIBROS</subfield>
  </datafield>
  <datafield tag="952" ind1=" " ind2=" ">
    <subfield code="0">0</subfield>
    <subfield code="2">ddc</subfield>
    <subfield code="4">0</subfield>
    <subfield code="7">0</subfield>
    <subfield code="a">SH</subfield>
    <subfield code="b">SH</subfield>
    <subfield code="c">CART</subfield>
    <subfield code="d">2019-10-23</subfield>
    <subfield code="o">086.940 / AG32 / t.3 / e.2</subfield>
    <subfield code="p">SH0000007958</subfield>
    <subfield code="r">2019-10-23</subfield>
    <subfield code="y">LIBROS</subfield>
  </datafield>
</record>
